<?xml version="1.0" encoding="UTF-8"?>
<record
    xmlns:xsi="http://www.w3.org/2001/XMLSchema-instance"
    xsi:schemaLocation="http://www.loc.gov/MARC21/slim http://www.loc.gov/standards/marcxml/schema/MARC21slim.xsd"
    xmlns="http://www.loc.gov/MARC21/slim">

  <leader>00723nam a22002417a 4500</leader>
  <controlfield tag="005">20211110143321.0</controlfield>
  <controlfield tag="008">211110b           ||||| |||| 00| 0 eng d</controlfield>
  <datafield tag="020" ind1=" " ind2=" ">
    <subfield code="a">9789391064259</subfield>
  </datafield>
  <datafield tag="040" ind1=" " ind2=" ">
    <subfield code="a">IN-DiNC</subfield>
    <subfield code="c">IN-DiNC</subfield>
  </datafield>
  <datafield tag="041" ind1=" " ind2=" ">
    <subfield code="d">asm</subfield>
  </datafield>
  <datafield tag="082" ind1=" " ind2=" ">
    <subfield code="a">370.54</subfield>
    <subfield code="b">SWA</subfield>
  </datafield>
  <datafield tag="245" ind1=" " ind2=" ">
    <subfield code="a">Swadhinuttar bharatar shiksha/</subfield>
    <subfield code="c">by Daisy Rani Chutia and others</subfield>
  </datafield>
  <datafield tag="250" ind1=" " ind2=" ">
    <subfield code="a">1st ed.</subfield>
  </datafield>
  <datafield tag="260" ind1=" " ind2=" ">
    <subfield code="a">Dibrugarh:</subfield>
    <subfield code="b">Mahaveer publications,</subfield>
    <subfield code="c">2021</subfield>
  </datafield>
  <datafield tag="300" ind1=" " ind2=" ">
    <subfield code="a">368p.</subfield>
  </datafield>
  <datafield tag="650" ind1=" " ind2=" ">
    <subfield code="a">Indian education after independence</subfield>
  </datafield>
  <datafield tag="650" ind1=" " ind2=" ">
    <subfield code="a">Indian education in post independent</subfield>
  </datafield>
  <datafield tag="700" ind1=" " ind2=" ">
    <subfield code="a">Chutia, Daisy Rani</subfield>
    <subfield code="e">author</subfield>
  </datafield>
  <datafield tag="700" ind1=" " ind2=" ">
    <subfield code="a">Baruah, Ankita</subfield>
    <subfield code="e">author</subfield>
  </datafield>
  <datafield tag="700" ind1=" " ind2=" ">
    <subfield code="a">Gogoi, Kunja Mukul</subfield>
    <subfield code="e">author</subfield>
  </datafield>
  <datafield tag="700" ind1=" " ind2=" ">
    <subfield code="a">Lahon, Ankita</subfield>
    <subfield code="e">author</subfield>
  </datafield>
  <datafield tag="942" ind1=" " ind2=" ">
    <subfield code="2">ddc</subfield>
    <subfield code="c">BK</subfield>
  </datafield>
  <datafield tag="999" ind1=" " ind2=" ">
    <subfield code="c">11216</subfield>
    <subfield code="d">11216</subfield>
  </datafield>
  <datafield tag="952" ind1=" " ind2=" ">
    <subfield code="0">0</subfield>
    <subfield code="1">0</subfield>
    <subfield code="2">ddc</subfield>
    <subfield code="4">0</subfield>
    <subfield code="7">0</subfield>
    <subfield code="8">EDU</subfield>
    <subfield code="a">MAIN</subfield>
    <subfield code="b">MAIN</subfield>
    <subfield code="c">GEN</subfield>
    <subfield code="d">2021-11-10</subfield>
    <subfield code="g">300.00</subfield>
    <subfield code="l">28</subfield>
    <subfield code="o">370.54 SWA</subfield>
    <subfield code="p">28714</subfield>
    <subfield code="r">2026-03-20 09:41:03</subfield>
    <subfield code="s">2026-02-17</subfield>
    <subfield code="t">1</subfield>
    <subfield code="w">2021-11-10</subfield>
    <subfield code="y">BK</subfield>
  </datafield>
  <datafield tag="952" ind1=" " ind2=" ">
    <subfield code="0">0</subfield>
    <subfield code="1">0</subfield>
    <subfield code="2">ddc</subfield>
    <subfield code="4">0</subfield>
    <subfield code="7">0</subfield>
    <subfield code="8">EDU</subfield>
    <subfield code="a">MAIN</subfield>
    <subfield code="b">MAIN</subfield>
    <subfield code="c">GEN</subfield>
    <subfield code="d">2021-11-10</subfield>
    <subfield code="g">300.00</subfield>
    <subfield code="l">20</subfield>
    <subfield code="o">370.54 SWA</subfield>
    <subfield code="p">28715</subfield>
    <subfield code="r">2026-03-23 06:03:28</subfield>
    <subfield code="s">2026-02-02</subfield>
    <subfield code="t">2</subfield>
    <subfield code="w">2021-11-10</subfield>
    <subfield code="y">BK</subfield>
  </datafield>
  <datafield tag="952" ind1=" " ind2=" ">
    <subfield code="0">0</subfield>
    <subfield code="1">0</subfield>
    <subfield code="2">ddc</subfield>
    <subfield code="4">0</subfield>
    <subfield code="7">0</subfield>
    <subfield code="8">EDU</subfield>
    <subfield code="a">MAIN</subfield>
    <subfield code="b">MAIN</subfield>
    <subfield code="c">GEN</subfield>
    <subfield code="d">2021-11-10</subfield>
    <subfield code="g">300.00</subfield>
    <subfield code="l">21</subfield>
    <subfield code="o">370.54 SWA</subfield>
    <subfield code="p">28716</subfield>
    <subfield code="r">2024-11-20 06:34:25</subfield>
    <subfield code="s">2024-10-21</subfield>
    <subfield code="t">3</subfield>
    <subfield code="w">2021-11-10</subfield>
    <subfield code="y">BK</subfield>
  </datafield>
  <datafield tag="952" ind1=" " ind2=" ">
    <subfield code="0">0</subfield>
    <subfield code="1">0</subfield>
    <subfield code="2">ddc</subfield>
    <subfield code="4">0</subfield>
    <subfield code="7">0</subfield>
    <subfield code="8">EDU</subfield>
    <subfield code="a">MAIN</subfield>
    <subfield code="b">MAIN</subfield>
    <subfield code="c">GEN</subfield>
    <subfield code="d">2021-11-10</subfield>
    <subfield code="g">300.00</subfield>
    <subfield code="l">20</subfield>
    <subfield code="o">370.54 SWA</subfield>
    <subfield code="p">28717</subfield>
    <subfield code="r">2026-03-25 09:05:45</subfield>
    <subfield code="s">2026-02-17</subfield>
    <subfield code="t">4</subfield>
    <subfield code="w">2021-11-10</subfield>
    <subfield code="y">BK</subfield>
  </datafield>
  <datafield tag="952" ind1=" " ind2=" ">
    <subfield code="0">0</subfield>
    <subfield code="1">0</subfield>
    <subfield code="2">ddc</subfield>
    <subfield code="4">0</subfield>
    <subfield code="7">0</subfield>
    <subfield code="8">EDU</subfield>
    <subfield code="a">MAIN</subfield>
    <subfield code="b">MAIN</subfield>
    <subfield code="c">GEN</subfield>
    <subfield code="d">2021-11-10</subfield>
    <subfield code="g">300.00</subfield>
    <subfield code="l">18</subfield>
    <subfield code="o">370.54 SWA</subfield>
    <subfield code="p">28718</subfield>
    <subfield code="r">2026-02-17 07:28:54</subfield>
    <subfield code="s">2026-02-02</subfield>
    <subfield code="t">5</subfield>
    <subfield code="w">2021-11-10</subfield>
    <subfield code="y">BK</subfield>
  </datafield>
  <datafield tag="952" ind1=" " ind2=" ">
    <subfield code="0">0</subfield>
    <subfield code="1">0</subfield>
    <subfield code="2">ddc</subfield>
    <subfield code="4">0</subfield>
    <subfield code="7">0</subfield>
    <subfield code="8">EDU</subfield>
    <subfield code="a">MAIN</subfield>
    <subfield code="b">MAIN</subfield>
    <subfield code="c">GEN</subfield>
    <subfield code="d">2022-06-03</subfield>
    <subfield code="g">300.00</subfield>
    <subfield code="l">14</subfield>
    <subfield code="o">370.54 SWA</subfield>
    <subfield code="p">28847</subfield>
    <subfield code="r">2024-10-07 06:40:33</subfield>
    <subfield code="s">2024-09-19</subfield>
    <subfield code="t">6</subfield>
    <subfield code="w">2022-06-03</subfield>
    <subfield code="y">BK</subfield>
  </datafield>
  <datafield tag="952" ind1=" " ind2=" ">
    <subfield code="0">0</subfield>
    <subfield code="1">0</subfield>
    <subfield code="2">ddc</subfield>
    <subfield code="4">0</subfield>
    <subfield code="7">0</subfield>
    <subfield code="8">EDU</subfield>
    <subfield code="a">MAIN</subfield>
    <subfield code="b">MAIN</subfield>
    <subfield code="c">GEN</subfield>
    <subfield code="d">2022-06-03</subfield>
    <subfield code="g">300.00</subfield>
    <subfield code="l">11</subfield>
    <subfield code="o">370.54 SWA</subfield>
    <subfield code="p">28848</subfield>
    <subfield code="r">2024-11-04 08:00:37</subfield>
    <subfield code="s">2024-10-08</subfield>
    <subfield code="t">7</subfield>
    <subfield code="w">2022-06-03</subfield>
    <subfield code="y">BK</subfield>
  </datafield>
  <datafield tag="952" ind1=" " ind2=" ">
    <subfield code="0">0</subfield>
    <subfield code="1">0</subfield>
    <subfield code="2">ddc</subfield>
    <subfield code="4">0</subfield>
    <subfield code="7">0</subfield>
    <subfield code="8">EDU</subfield>
    <subfield code="a">MAIN</subfield>
    <subfield code="b">MAIN</subfield>
    <subfield code="c">GEN</subfield>
    <subfield code="d">2022-06-03</subfield>
    <subfield code="g">300.00</subfield>
    <subfield code="l">17</subfield>
    <subfield code="o">370.54 SWA</subfield>
    <subfield code="p">28849</subfield>
    <subfield code="r">2026-03-20 05:34:49</subfield>
    <subfield code="s">2026-02-02</subfield>
    <subfield code="t">8</subfield>
    <subfield code="w">2022-06-03</subfield>
    <subfield code="y">BK</subfield>
  </datafield>
</record>
